| 000 | 00686nam a2200217Ia 4500 | ||
|---|---|---|---|
| 003 | GCL | ||
| 008 | 140319s9999 xx 000 0 ara d | ||
| 040 |
_aGCL / _cGCL |
||
| 082 | 0 | 4 |
_a809 _bغ ا |
| 100 | 1 | _aهنرى زغيب | |
| 245 | 1 | 0 |
_aالادب المقارن / _cهنرى زغيب |
| 700 | 1 | _aغويار، ماريوس فرنسوا | |
| 250 | _aالثانية | ||
| 260 |
_aبيروت : _bمنشورات عويدان ، _c1988 |
||
| 300 |
_a142 ص ؛ _c17 سم |
||
| 650 | 0 | 4 | _aالادب |
| 650 | 0 | 4 | _aالادب المقارن |
| 650 | 0 | 4 | _aالادب الفرنسى - تاريخ ونقد |
| 650 | 0 | 4 | _aالادب الانجليزى المقارن |
| 942 |
_2ddc _cBK |
||
| 999 |
_c35873 _d35873 |
||